01399nam a2200325 a 4500001001000000003000500010005001700015008004100032010001100073011001100084040000900095090001000104100003800114245018300152260004100335500006000376502007600436590004000512590004000552650003000592650003200622650003100654856007000685901000700755942001000762942000600772999001900778952014000797952013600937000111468CHAP20220329144212.0150511s2015 mx sm |||||||spa d a107930 a108902 cCHAP aTesis1 aMendoza García, Beatriz912934610aEvaluación del rendimiento de 14 híbridos de maíz(Zea mays L.) blanco, bajo condiciones de temporal en Valles Altos de Méxicoh[En línea]cpor Beatriz Mendoza García. aChapingo, Méx. :bEl autor,c2015. aPara ver el contenido del material haga clic en la liga aTesis (Ing. Agr. Esp. en Fitotecia) -- UACH. Departamento de Fitotecnia aE5765TAJb05c20150511lUCH01h1149 aE5765TAJb05c20150511lUCH01h115014aMaíz Híbridos.97111514aMaízxRendimiento.97105114aMaízxVariedades.971081 aFinding aiduhttp://10.13.5.2/tesis/sist111468.pdfzTeclea aquí aBK cTESIS n0 c107930d107930 00102local4053708TESISaBCbBCcPA_TESISd2015-05-11fTESISl0oTesisp33724002485801r2019-12-31 00:00:00tc.2w2019-12-31yTESIS 00104054718TESISaBCbBCd2015-05-11fTESISl0oTesisp33724002485842r2019-12-31 00:00:00w2019-12-31yTESISzRecien adquirido